[Event "2BLS 2122 SC Eppingen - TSV Schott Main"]
[Site "?"]
[Date "2022.05.15"]
[Round "6.3"]
[White "Balcerak, Jakob"]
[Black "Medvegy, Zoltan"]
[Result "0-1"]
[WhiteElo "2478"]
[BlackElo "2522"]
[PlyCount "112"]
[EventDate "2022.??.??"]

1. d4 Nf6 2. c4 e6 3. Nf3 b6 4. g3 Bb7 5. Bg2 Be7 6. O-O O-O 7. Nc3 Ne4 8. Bd2
Bf6 9. Rc1 d6 10. d5 Nxd2 11. Qxd2 e5 12. Ne1 Nd7 13. Nd3 a5 14. f4 exf4 15.
gxf4 Bxc3 16. Rxc3 f5 17. Nf2 Nf6 18. e4 Nxe4 19. Nxe4 fxe4 20. Bxe4 Qh4 21.
Qg2 Bc8 22. Qg5 Qxg5+ 23. fxg5 Bd7 24. Rxf8+ Rxf8 25. Rf3 Rxf3 26. Bxf3 Bf5 27.
Kf2 Kf7 28. Bh5+ Bg6 29. Be2 Bb1 30. Bh5+ Bg6 31. Be2 Bb1 32. Bh5+ g6 33. Be2
Bxa2 34. Ke3 Bb1 35. Bd1 Bf5 36. Ba4 Ke7 37. Kd4 Bd7 38. Bb5 Kd8 39. Ke4 Bh3
40. Kd4 Ke7 41. Bc6 Kf7 42. Ke4 Kg7 43. Kf4 h6 44. Bb5 hxg5+ 45. Kxg5 Kf7 46.
Kh4 Bf5 47. Kg5 Ke7 48. h4 Bd3 49. Ba6 c6 50. dxc6 Kd8 51. Bb5 d5 52. Kf6 Kc7
53. Ba4 dxc4 54. Ke5 c3 55. bxc3 b5 56. Bb3 a4 0-1

[Event "2BLS 2122 SC Eppingen - TSV Schott Main"]
[Site "?"]
[Date "2022.05.15"]
[Round "6.4"]
[White "Guliyev, Namig"]
[Black "David, Alexandru-Vasile"]
[Result "1-0"]
[WhiteElo "2547"]
[BlackElo "2439"]
[PlyCount "85"]
[EventDate "2022.??.??"]

1. e4 e5 2. Nf3 Nc6 3. Nc3 Nf6 4. Bb5 Bc5 5. Nxe5 Nxe5 6. d4 Bd6 7. f4 Neg4 8.
e5 Bb4 9. O-O O-O 10. f5 Bxc3 11. bxc3 d6 12. exf6 Nxf6 13. Bg5 h6 14. Bh4 d5
15. Qf3 c6 16. Bd3 Re8 17. Rae1 Bd7 18. Re5 Qc7 19. Bxf6 gxf6 20. Qg4+ Kf8 21.
Qh4 Rxe5 22. dxe5 fxe5 23. Qxh6+ Ke7 24. Qg5+ Kd6 25. Qf6+ Kc5 26. Qxf7 Qd6 27.
Qg7 Kb6 28. f6 e4 29. Be2 Rf8 30. g4 c5 31. f7 Bc6 32. Qf6 Qd7 33. g5 d4 34.
cxd4 cxd4 35. g6 d3 36. cxd3 exd3 37. Qb2+ Kc7 38. Qe5+ Kb6 39. Qe3+ Ka5 40.
Qxa7+ Kb5 41. Rb1+ Kc4 42. Rc1+ Kd5 43. Qc5+ 1-0

[Event "2BLS 2122 SC Eppingen - TSV Schott Main"]
[Site "?"]
[Date "2022.05.15"]
[Round "6.5"]
[White "Cicak, Slavko"]
[Black "Hacker, Jonas"]
[Result "1/2-1/2"]
[WhiteElo "2486"]
[BlackElo "2396"]
[PlyCount "86"]
[EventDate "2022.??.??"]

1. e4 c5 2. Nf3 e6 3. b3 b6 4. Bd3 Bb7 5. O-O Nc6 6. Re1 Be7 7. Bb2 Nf6 8. e5
Nd5 9. Be4 Nf4 10. d4 cxd4 11. Nxd4 f5 12. Bf3 g5 13. g3 g4 14. Bxg4 fxg4 15.
gxf4 Bc5 16. Qd3 Nb4 17. Qg3 Bxd4 18. c3 Nc2 19. Rc1 Bxf2+ 20. Kxf2 Nxa1 21.
Qxg4 Qe7 22. Ba3 h5 23. Qg6+ Qf7 24. Qxf7+ Kxf7 25. Nd2 Nxb3 26. axb3 Bd5 27.
c4 Bc6 28. Rd1 Rag8 29. Nf3 Rg4 30. Ke3 Rg2 31. Rd6 Ra2 32. Bb4 a5 33. Bc3 a4
34. Ng5+ Ke8 35. b4 Rxh2 36. b5 Bh1 37. Rxb6 Kf8 38. f5 Kg7 39. Rd6 Rg8 40.
Rxd7+ Kh6 41. Nf7+ Kh7 42. Ng5+ Kh6 43. Nf7+ Kh7 1/2-1/2

[Event "2BLS 2122 SC Eppingen - TSV Schott Main"]
[Site "?"]
[Date "2022.05.15"]
[Round "6.6"]
[White "Gibicar, Danijel"]
[Black "Gohil, Harry"]
[Result "1/2-1/2"]
[WhiteElo "2261"]
[BlackElo "2247"]
[PlyCount "85"]
[EventDate "2022.??.??"]

1. d4 Nf6 2. c4 g6 3. Nc3 Bg7 4. e4 O-O 5. f3 d6 6. Be3 Nbd7 7. Bd3 c5 8. Nge2
a6 9. O-O e6 10. Rc1 Re8 11. Bb1 Qc7 12. b3 Qa5 13. Ng3 h5 14. h3 Nh7 15. Nge2
b5 16. dxc5 dxc5 17. f4 bxc4 18. e5 cxb3 19. axb3 Rd8 20. Qc2 Bb7 21. Ng3 h4
22. Nge4 Bf8 23. Qf2 c4 24. bxc4 Rac8 25. Qxh4 Rxc4 26. Bd3 Rcc8 27. Ra1 Qc7
28. Bxa6 Bxa6 29. Rxa6 Nc5 30. Raa1 Nxe4 31. Nxe4 Qc2 32. Ng5 Nxg5 33. Qxg5 Qe4
34. Bf2 Rd2 35. f5 Rcc2 36. fxg6 Qxg6 37. Qxg6+ fxg6 38. Ra8 Re2 39. Ra4 Bc5
40. Rf4 Kg7 41. Rf3 Bd4 42. Rf4 Bxe5 43. Rg4 1/2-1/2

[Event "2BLS 2122 SC Eppingen - TSV Schott Main"]
[Site "?"]
[Date "2022.05.15"]
[Round "6.7"]
[White "Lisanti, Marco"]
[Black "Cofmann, Veaceslav"]
[Result "0-1"]
[WhiteElo "2095"]
[BlackElo "2329"]
[PlyCount "86"]
[EventDate "2022.??.??"]

1. d4 Nf6 2. c4 c5 3. d5 b5 4. cxb5 a6 5. e3 d6 6. Nc3 g6 7. a4 Bg7 8. Ra3 O-O
9. e4 axb5 10. axb5 Rxa3 11. bxa3 Qa5 12. Qd2 Bh6 13. Qxh6 Qxc3+ 14. Qd2 Nxe4
15. Qxc3 Nxc3 16. Bc4 Bb7 17. Bd2 Nxd5 18. Nf3 Nb6 19. Bb3 c4 20. Bc2 c3 21.
Be3 N8d7 22. Ke2 Ra8 23. Ra1 Na4 24. Bxa4 Rxa4 25. Kd3 e5 26. Kxc3 Bd5 27. Rd1
Nf6 28. Kb2 Ra5 29. b6 Rb5+ 30. Kc3 Ne4+ 31. Kd3 f5 32. a4 Rb4 33. a5 f4 34.
Bd2 Rb2 35. Ra1 Nc5+ 36. Kc3 Rb3+ 37. Kc2 Be4+ 38. Kd1 Rb2 39. Ne1 Rb5 40. Ra3
Rb1+ 41. Ke2 Bb7 42. f3 Ba6+ 43. Kf2 Rb2 0-1

[Event "2BLS 2122 SC Eppingen - TSV Schott Main"]
[Site "?"]
[Date "2022.05.15"]
[Round "6.8"]
[White "Bilchinski, Anton"]
[Black "Sinitsina, Anastassia"]
[Result "1/2-1/2"]
[WhiteElo "2234"]
[BlackElo "2179"]
[PlyCount "78"]
[EventDate "2022.??.??"]

1. d4 Nf6 2. c4 g6 3. Nc3 Bg7 4. g3 O-O 5. Bg2 d6 6. Nf3 Nc6 7. O-O a6 8. b3
Rb8 9. a4 Bf5 10. Bb2 Ne4 11. e3 Qc8 12. Ne1 Nxc3 13. Bxc3 Bh3 14. Qd3 e5 15.
Nc2 Re8 16. Rfe1 Bxg2 17. Kxg2 e4 18. Qe2 Qf5 19. a5 h5 20. h4 Ne7 21. Rab1 c5
22. b4 Qc8 23. bxc5 dxc5 24. Red1 Nf5 25. Be1 Bf6 26. dxc5 Bxh4 27. Nd4 Be7 28.
Nxf5 Qxf5 29. Rd5 Qc8 30. Bc3 Bf8 31. Rh1 Bg7 32. Bxg7 Kxg7 33. Qb2+ f6 34. Qd4
Re7 35. Rh4 Qe6 36. Rd6 Qe5 37. Rd7 Rxd7 38. Qxd7+ Kh6 39. Qd5 Qxd5 1/2-1/2

[Event "2BLS 2122 SC Boeblingen - SG Speyer-Sch"]
[Site "?"]
[Date "2022.05.15"]
[Round "6.1"]
[White "Oleksiyenko, Mykhaylo"]
[Black "Gaehwiler, Gabriel"]
[Result "1-0"]
[WhiteElo "2590"]
[BlackElo "2418"]
[PlyCount "85"]
[EventDate "2022.??.??"]

1. d4 Nf6 2. c4 g6 3. Nc3 Bg7 4. e4 d6 5. f3 O-O 6. Nge2 c5 7. d5 e6 8. Ng3
exd5 9. cxd5 Nh5 10. Nxh5 gxh5 11. Bf4 f5 12. Qd2 a6 13. a4 Qf6 14. Bd3 Nd7 15.
Bg5 Qf7 16. O-O Ne5 17. Be2 f4 18. Bh4 Ng6 19. Bf2 Be5 20. a5 Bd7 21. Ra3 h4
22. h3 Rac8 23. Rb3 Rc7 24. Rb6 Qf6 25. Rd1 Rfc8 26. Kh1 Kg7 27. Nb1 Kg8 28.
Bc4 Be8 29. Nc3 Bd4 30. Bf1 Bxf2 31. Qxf2 Ne5 32. Qd2 Rf7 33. Ra1 Rcc7 34. Nb1
Nd7 35. Rb3 Ne5 36. Na3 Rg7 37. Nc4 Nf7 38. Rb6 Bb5 39. e5 Qg5 40. e6 Ne5 41.
Nxe5 Bxf1 42. Rxf1 Qxe5 43. Re1 1-0

[Event "2BLS 2122 SC Boeblingen - SG Speyer-Sch"]
[Site "?"]
[Date "2022.05.15"]
[Round "6.2"]
[White "Ortmann, David"]
[Black "Iturrizaga Bonelli, Eduardo"]
[Result "0-1"]
[WhiteElo "2331"]
[BlackElo "2608"]
[PlyCount "80"]
[EventDate "2022.??.??"]

1. Nf3 Nf6 2. c4 c5 3. Nc3 Nc6 4. d4 cxd4 5. Nxd4 e6 6. Bf4 Bc5 7. Ndb5 O-O 8.
Bc7 Qe7 9. Bd6 Bxd6 10. Qxd6 b6 11. g3 Bb7 12. Bg2 Qd8 13. O-O Na5 14. Bxb7
Nxb7 15. Qd4 a6 16. Na3 Rc8 17. Rfd1 d6 18. Rac1 Nd7 19. Ne4 Rc6 20. Nc2 Ndc5
21. b4 Nxe4 22. Qxe4 Qc7 23. Rd4 e5 24. Ne3 exd4 25. Nd5 Rxc4 26. Nxc7 Rxc1+
27. Kg2 Rxc7 28. Qxd4 Rc6 29. h4 Rfc8 30. h5 h6 31. g4 Nd8 32. e3 Ne6 33. Qd5
b5 34. f4 Rc3 35. g5 Rxe3 36. Kf2 Re2+ 37. Kf3 Rc3+ 38. Kg4 hxg5 39. fxg5 Re4+
40. Qxe4 Rc4 0-1

[Event "2BLS 2122 SC Boeblingen - SG Speyer-Sch"]
[Site "?"]
[Date "2022.05.15"]
[Round "6.3"]
[White "Hera, Imre Jr"]
[Black "Hirneise, Jens"]
[Result "1/2-1/2"]
[WhiteElo "2566"]
[BlackElo "2314"]
[PlyCount "53"]
[EventDate "2022.??.??"]

1. d4 Nf6 2. c4 g6 3. Nf3 Bg7 4. g3 O-O 5. Bg2 Nc6 6. O-O d6 7. Nc3 Bf5 8. d5
Na5 9. Nd2 c6 10. dxc6 Nxc6 11. Nb3 Rc8 12. Bf4 Nd7 13. Rc1 Nce5 14. Nd4 Rxc4
15. Nxf5 gxf5 16. Bh3 Ng6 17. Be3 f4 18. Bxa7 Qa5 19. Qb3 Nde5 20. Bb6 Qa6 21.
Bg2 e6 22. Qb5 d5 23. Qxa6 bxa6 24. b3 Rc6 25. Na4 Rfc8 26. Rxc6 Rxc6 27. Bc5
1/2-1/2

[Event "2BLS 2122 SC Boeblingen - SG Speyer-Sch"]
[Site "?"]
[Date "2022.05.15"]
[Round "6.4"]
[White "Seitz, Patrick"]
[Black "Kantans, Toms"]
[Result "0-1"]
[WhiteElo "2180"]
[BlackElo "2484"]
[PlyCount "34"]
[EventDate "2022.??.??"]

1. e4 c5 2. Nf3 e6 3. d4 cxd4 4. Nxd4 Nc6 5. Nc3 Qc7 6. Be2 a6 7. O-O Nf6 8. a4
Bb4 9. Nxc6 bxc6 10. Qd4 Bd6 11. f4 e5 12. Qf2 exf4 13. Bc4 Ng4 14. Qh4 h5 15.
e5 Be7 16. Qe1 g5 17. Kh1 Qxe5 0-1

[Event "2BLS 2122 SC Boeblingen - SG Speyer-Sch"]
[Site "?"]
[Date "2022.05.15"]
[Round "6.5"]
[White "Nemeth, Miklos"]
[Black "Mueller, Ralf"]
[Result "1/2-1/2"]
[WhiteElo "2446"]
[BlackElo "2341"]
[PlyCount "59"]
[EventDate "2022.??.??"]

1. e4 e5 2. Nf3 Nc6 3. Bc4 Nf6 4. d3 Be7 5. O-O O-O 6. Re1 d6 7. a4 Be6 8. Nbd2
Qd7 9. a5 a6 10. c3 h6 11. Qb3 Rfe8 12. Bxe6 fxe6 13. Nc4 Bf8 14. Bd2 g5 15. h3
Rab8 16. Rad1 Qg7 17. Qa2 Kh8 18. d4 g4 19. hxg4 Nxg4 20. Ne3 Nf6 21. d5 Nd8
22. Qc4 Qh7 23. dxe6 Nxe6 24. Nf5 Nc5 25. Ng3 Qg8 26. Qxg8+ Kxg8 27. b4 Nd3 28.
Re2 Nf4 29. Ree1 Nd3 30. Re2 1/2-1/2

[Event "2BLS 2122 SC Boeblingen - SG Speyer-Sch"]
[Site "?"]
[Date "2022.05.15"]
[Round "6.6"]
[White "Tran, Thanh Kien"]
[Black "Boguslawski, Oleg"]
[Result "0-1"]
[WhiteElo "2151"]
[BlackElo "2385"]
[PlyCount "46"]
[EventDate "2022.??.??"]

1. d4 Nf6 2. c4 e6 3. Nc3 d5 4. Bg5 Be7 5. e3 O-O 6. Nf3 b6 7. Rc1 Bb7 8. Bd3
dxc4 9. Bxc4 Nbd7 10. O-O c5 11. dxc5 Rc8 12. c6 Rxc6 13. Nb5 a6 14. Nbd4 Rc8
15. Qe2 b5 16. Bd3 Rxc1 17. Rxc1 e5 18. Bxf6 Bxf6 19. Nc6 Qb6 20. Bxh7+ Kxh7
21. Qd3+ e4 22. Qxd7 exf3 23. Qd6 Rc8 0-1

[Event "2BLS 2122 SC Boeblingen - SG Speyer-Sch"]
[Site "?"]
[Date "2022.05.15"]
[Round "6.7"]
[White "Bodrozic, Tomislav"]
[Black "Vujic, Branimir"]
[Result "1-0"]
[WhiteElo "2349"]
[BlackElo "2244"]
[PlyCount "77"]
[EventDate "2022.??.??"]

1. e4 d5 2. exd5 Nf6 3. d4 Nxd5 4. c4 Nb6 5. Nf3 g6 6. Nc3 Bg7 7. h3 O-O 8. Be3
Nc6 9. Qd2 e5 10. d5 Na5 11. b3 e4 12. Ng5 f5 13. h4 f4 14. Bd4 e3 15. fxe3
fxe3 16. Qxe3 Bxd4 17. Qxd4 Nc6 18. Qd2 Qe7+ 19. Be2 Nb4 20. O-O-O a5 21. d6
Qe5 22. Qd4 cxd6 23. Qxe5 dxe5 24. c5 Nd7 25. Bc4+ Kh8 26. Rhf1 Nf6 27. Rxf6
Rxf6 28. Rd8+ Kg7 29. Rg8+ Kh6 30. Nce4 Rf4 31. g3 Rxe4 32. Nxe4 b5 33. cxb6
Bb7 34. Rxa8 Bxa8 35. Nd6 Bf3 36. Bb5 Kh5 37. a3 Nc6 38. Bxc6 Bxc6 39. b7 1-0

[Event "2BLS 2122 SV Worms 1878 - SC Eppingen"]
[Site "?"]
[Date "2022.06.18"]
[Round "7.1"]
[White "Acs, Peter"]
[Black "Karsay, Pascal"]
[Result "1-0"]
[WhiteElo "2574"]
[BlackElo "2320"]
[PlyCount "63"]
[EventDate "2022.??.??"]

1. e4 e5 2. Nf3 Nc6 3. Bc4 Nf6 4. d4 exd4 5. e5 d5 6. Bb5 Nd7 7. O-O Be7 8.
Bxc6 bxc6 9. Nxd4 Nb8 10. Qf3 O-O 11. c4 Qd7 12. Nc3 Rd8 13. h3 a5 14. Re1 Bc5
15. Nb3 Bb4 16. Bg5 Re8 17. cxd5 cxd5 18. Nxd5 Bxe1 19. Rxe1 Bb7 20. Rd1 Na6
21. Bf6 gxf6 22. Nxf6+ Kh8 23. Qh5 Qxd1+ 24. Qxd1 Rxe5 25. Qd4 Rg5 26. Nxa5
Bxg2 27. Ng4+ Rg7 28. Kxg2 f5 29. Nc6 fxg4 30. hxg4 Re8 31. Ne7 Rf8 32. Qe5 1-0

[Event "2BLS 2122 SV Worms 1878 - SC Eppingen"]
[Site "?"]
[Date "2022.06.18"]
[Round "7.2"]
[White "Nasshan, Dennis"]
[Black "Noe, Christopher"]
[Result "1-0"]
[WhiteElo "2291"]
[BlackElo "2513"]
[PlyCount "143"]
[EventDate "2022.??.??"]

1. d4 Nf6 2. c4 e6 3. Nf3 b6 4. g3 Ba6 5. b3 d5 6. cxd5 exd5 7. Bg2 Bb4+ 8. Bd2
Be7 9. O-O O-O 10. Nc3 Bb7 11. Bf4 c5 12. dxc5 bxc5 13. Ne5 Na6 14. Nc4 h6 15.
Rc1 Rc8 16. Be5 Nc7 17. Ne3 Re8 18. Bxf6 Bxf6 19. Nexd5 Bxd5 20. Nxd5 Nxd5 21.
Bxd5 h5 22. Bc4 Qxd1 23. Rfxd1 Red8 24. Rxd8+ Rxd8 25. Bd3 Be7 26. Kg2 Rd4 27.
Kf3 g6 28. Rd1 Kg7 29. e3 Rd8 30. Ke2 f5 31. h4 Kf6 32. Rc1 Rb8 33. e4 fxe4 34.
Bxe4 Rb4 35. Bd3 Rd4 36. Rc2 Rd6 37. Bc4 Bd8 38. Bd3 Bb6 39. Rc4 Re6+ 40. Kf3
Kg7 41. Rc2 Rf6+ 42. Kg2 Rd6 43. Bc4 Bd8 44. Re2 Bf6 45. a4 Kf8 46. Kh3 a5 47.
Kg2 Bc3 48. Re3 Bd4 49. Re4 Bc3 50. Re3 Bd4 51. Re4 Bc3 52. f4 Rd2+ 53. Kh3 Bd4
54. Re6 Kg7 55. Re7+ Kh8 56. Ra7 Bc3 57. Ra8+ Kg7 58. Ra7+ Kh8 59. Rc7 Bd4 60.
Rf7 Bg1 61. g4 hxg4+ 62. Kxg4 Rg2+ 63. Kf3 Rf2+ 64. Kg3 Rd2 65. Ra7 Bh2+ 66.
Kg4 Rd4 67. Rxa5 Bxf4 68. Kh3 Be3 69. Ra8+ Kg7 70. a5 Rd2 71. a6 Kh7 72. Re8
1-0

[Event "2BLS 2122 SV Worms 1878 - SC Eppingen"]
[Site "?"]
[Date "2022.06.18"]
[Round "7.3"]
[White "Juhasz, Armin"]
[Black "Ollenberger, Roland"]
[Result "1/2-1/2"]
[WhiteElo "2391"]
[BlackElo "2267"]
[PlyCount "115"]
[EventDate "2022.??.??"]

1. Nf3 Nf6 2. c4 e6 3. Nc3 d5 4. d4 Bb4 5. cxd5 exd5 6. Bg5 c6 7. e3 h6 8. Bxf6
Qxf6 9. Qb3 Qe7 10. Bd3 Be6 11. O-O O-O 12. Ne5 Nd7 13. f4 Nxe5 14. fxe5 Rad8
15. a3 Ba5 16. Na4 Qg5 17. Bc2 Bh3 18. Rf2 b5 19. Nc5 Bb6 20. Nb7 Rd7 21. Nd6
g6 22. Qc3 Bc7 23. Qxc6 Bxd6 24. exd6 Rfd8 25. Qxb5 Rxd6 26. Kh1 Bd7 27. Qa5
Re8 28. Qxa7 Qxe3 29. Rff1 Qe6 30. Ba4 Bxa4 31. Qxa4 Rc6 32. Qa5 Rc2 33. Rfe1
Re2 34. Rxe2 Qxe2 35. Qc3 Re3 36. Qc1 Rd3 37. b4 Rxd4 38. h3 Rd2 39. Qf1 Qxf1+
40. Rxf1 Ra2 41. Rf3 Kf8 42. Rb3 Ke7 43. b5 Kd7 44. b6 Kc8 45. b7+ Kb8 46. Rd3
Kxb7 47. Rxd5 Rxa3 48. Rd7+ Kc6 49. Rxf7 Kd5 50. Rf6 Rg3 51. Kh2 Rg5 52. g4 Ke5
53. Rb6 Kf4 54. Kg2 h5 55. Rb4+ Ke5 56. Kg3 hxg4 57. hxg4 Kf6 58. Kf4 1/2-1/2

[Event "2BLS 2122 SV Worms 1878 - SC Eppingen"]
[Site "?"]
[Date "2022.06.18"]
[Round "7.4"]
[White "Muranyi, Karl-Jasmin"]
[Black "Hacker, Jonas"]
[Result "1/2-1/2"]
[WhiteElo "2345"]
[BlackElo "2469"]
[PlyCount "137"]
[EventDate "2022.??.??"]

1. d4 Nf6 2. c3 d5 3. Bf4 e6 4. e3 Bd6 5. Bg3 c5 6. Nd2 Qc7 7. Ngf3 Nbd7 8. Be2
b6 9. b4 Bxg3 10. hxg3 c4 11. Qc2 Bb7 12. a4 h6 13. a5 g6 14. Qb2 b5 15. O-O-O
Kf8 16. Nh2 e5 17. Ng4 Nxg4 18. Bxg4 Nf6 19. Bf3 e4 20. Be2 Re8 21. Nf1 Kg7 22.
Qd2 Bc8 23. Re1 h5 24. Bd1 Bf5 25. Bc2 Bg4 26. Nh2 Bf5 27. Nf1 Bg4 28. Nh2 a6
29. Nxg4 Nxg4 30. Bd1 f5 31. Rh3 Re7 32. Reh1 Qd6 33. Qe1 Rhe8 34. Be2 Nf6 35.
Bd1 Qe6 36. Be2 Rh8 37. Bd1 Kg8 38. Be2 Reh7 39. Qg1 Kg7 40. Qe1 Qe7 41. Bd1
Rh6 42. Be2 R8h7 43. Bd1 Qe8 44. Be2 Qh8 45. Bd1 Qe8 46. Be2 Rh8 47. Bd1 Qe7
48. Be2 Nd7 49. Bd1 Nb8 50. Qd2 Qg5 51. Rh4 Nc6 52. Kb1 Qe7 53. Qb2 Qd6 54. Kc1
Ne7 55. R4h3 Ng8 56. Qd2 Nf6 57. Be2 g5 58. Qe1 Ng4 59. Bd1 h4 60. gxh4 Rxh4
61. Rxh4 Rxh4 62. Rxh4 gxh4 63. f3 exf3 64. Bxf3 Qh6 65. Kd2 Nf6 66. Qg1 Qg5
67. Qh2 Ne4+ 68. Bxe4 fxe4 69. Ke2 1/2-1/2

[Event "2BLS 2122 SV Worms 1878 - SC Eppingen"]
[Site "?"]
[Date "2022.06.18"]
[Round "7.5"]
[White "Cofmann, Veaceslav"]
[Black "Feldmann, Johannes"]
[Result "0-1"]
[WhiteElo "2330"]
[BlackElo "2231"]
[PlyCount "170"]
[EventDate "2022.??.??"]

1. d4 e6 2. e4 d5 3. Nd2 c5 4. exd5 Qxd5 5. Ngf3 cxd4 6. Bc4 Qd6 7. O-O Nf6 8.
Nb3 Nc6 9. Nbxd4 Nxd4 10. Nxd4 a6 11. c3 Qc7 12. Bb3 Bd6 13. h3 O-O 14. Bg5 Ne4
15. Be3 Bh2+ 16. Kh1 Bf4 17. Qf3 Bxe3 18. Qxe3 Nf6 19. Rfe1 b6 20. Rad1 Bb7 21.
Qg5 Rad8 22. Qh4 Qc5 23. Re3 Qh5 24. Qxh5 Nxh5 25. Kh2 Nf4 26. g3 Nd5 27. Re5
Nf6 28. Rde1 Rd6 29. f4 Bd5 30. Bxd5 Rxd5 31. Nc6 Rd2+ 32. R5e2 Rxe2+ 33. Rxe2
Ra8 34. Rd2 Kf8 35. Rd6 Ne4 36. Rd7 Rc8 37. Ne5 f6 38. Nd3 Nc5 39. Nxc5 Rxc5
40. Rb7 Rc6 41. Kg2 h5 42. Kf3 Kg8 43. Ke4 Kh7 44. Rd7 Kg6 45. Kd4 Kf5 46. Rxg7
h4 47. Ke3 hxg3 48. Rxg3 Rc4 49. Rf3 Ra4 50. a3 a5 51. Kf2 b5 52. Kg3 Rc4 53.
b3 Rc8 54. Re3 a4 55. bxa4 bxa4 56. h4 Rg8+ 57. Kf3 Rh8 58. Kg3 Rg8+ 59. Kf2
Rh8 60. Rf3 Ke4 61. Rh3 Kxf4 62. c4 Rh5 63. Ke2 Ke4 64. Re3+ Kf5 65. Kd3 Rxh4
66. Kc3 e5 67. Kb4 Ke6 68. Kb5 f5 69. c5 f4 70. Re4 Rh8 71. c6 f3 72. Re1 Kf5
73. Kc5 Kf4 74. Kd5 Rd8+ 75. Kc4 e4 76. c7 Rc8 77. Kd4 Rxc7 78. Rxe4+ Kg3 79.
Re6 Rf7 80. Rg6+ Kh4 81. Rh6+ Kg5 82. Rh1 f2 83. Rf1 Kg4 84. Kc4 Kg3 85. Kb5
Rf4 0-1

[Event "2BLS 2122 SV Worms 1878 - SC Eppingen"]
[Site "?"]
[Date "2022.06.18"]
[Round "7.6"]
[White "Musiolik, David"]
[Black "Mann, Christian"]
[Result "1-0"]
[WhiteElo "2217"]
[BlackElo "2395"]
[PlyCount "87"]
[EventDate "2022.??.??"]

1. Nf3 d5 2. e3 Nc6 3. d4 Bg4 4. c4 e5 5. dxe5 dxc4 6. Qa4 Bxf3 7. gxf3 Qd5 8.
Bg2 b5 9. Nc3 Bb4 10. Qxb4 Nxb4 11. Nxd5 Nxd5 12. f4 Nge7 13. f5 Rd8 14. Bd2
Nxf5 15. a4 Nh4 16. Be4 a6 17. axb5 axb5 18. Ra5 c6 19. Ra6 Rc8 20. Ke2 Ne7 21.
Bc3 O-O 22. Rd1 c5 23. Rd7 Nhg6 24. f4 b4 25. Be1 Rfd8 26. Rb7 Rb8 27. Rxb8
Rxb8 28. Ra7 Kf8 29. Bg3 h5 30. h4 f5 31. exf6 gxf6 32. f5 Ne5 33. Bxe5 fxe5
34. f6 Ng8 35. Bg6 Nxf6 36. Rf7+ Kg8 37. Rxf6 Ra8 38. Bf7+ Kg7 39. Rf5 Ra2 40.
Bxc4 Rxb2+ 41. Kd3 Rh2 42. Rxh5 Kf6 43. Rh6+ Kg7 44. Re6 1-0

[Event "2BLS 2122 SV Worms 1878 - SC Eppingen"]
[Site "?"]
[Date "2022.06.18"]
[Round "7.7"]
[White "Dekan, Hans"]
[Black "Burg, Niclas"]
[Result "0-1"]
[WhiteElo "2125"]
[BlackElo "1940"]
[PlyCount "84"]
[EventDate "2022.??.??"]

1. e4 c5 2. Nf3 Nc6 3. d4 cxd4 4. Nxd4 Nf6 5. Nc3 e5 6. Ndb5 d6 7. Bg5 a6 8.
Na3 b5 9. Nd5 Qa5+ 10. Bd2 Qd8 11. Nxf6+ Qxf6 12. c4 Qh4 13. Bd3 Nd4 14. O-O d5
15. cxd5 Bc5 16. Be3 Bg4 17. f3 Nxf3+ 18. gxf3 Bxe3+ 19. Kh1 Bh3 20. Qe2 Bxf1
21. Qxe3 Bxd3 22. Qxd3 O-O 23. Nc2 Qf4 24. Ne3 Qxf3+ 25. Kg1 g6 26. Rf1 Qh5 27.
d6 Kh8 28. Qd5 Qg5+ 29. Ng2 Rac8 30. h4 Qg3 31. Qd1 Qh3 32. Rf6 Kg7 33. Rf3 Qe6
34. h5 Rcd8 35. Rd3 f5 36. hxg6 hxg6 37. d7 fxe4 38. Rd6 Qf5 39. Qe1 Rxd7 40.
Rxa6 Rdf7 41. Qg3 Qf1+ 42. Kh2 Rh8+ 0-1

[Event "2BLS 2122 SV Worms 1878 - SC Eppingen"]
[Site "?"]
[Date "2022.06.18"]
[Round "7.8"]
[White "Werner, Gregor"]
[Black "Reimold, Jonas"]
[Result "1/2-1/2"]
[WhiteElo "2116"]
[BlackElo "2044"]
[PlyCount "34"]
[EventDate "2022.??.??"]

1. d4 f5 2. Nf3 Nf6 3. g3 g6 4. Bg2 Bg7 5. O-O d6 6. c4 O-O 7. Nc3 Qe8 8. d5 a5
9. Be3 Ng4 10. Bd4 Ne5 11. Nb5 Na6 12. Bc3 Nxf3+ 13. exf3 Bxc3 14. Nxc3 f4 15.
Qd4 Qf7 16. Rfe1 Bd7 17. Ne4 h6 1/2-1/2

[Event "2BLS 2122 SV 1947 Walldorf - SC Böblin"]
[Site "?"]
[Date "2022.06.18"]
[Round "7.1"]
[White "Gaehwiler, Gabriel"]
[Black "Aczel, Gergely"]
[Result "1-0"]
[WhiteElo "2413"]
[BlackElo "2516"]
[PlyCount "96"]
[EventDate "2022.??.??"]

1. d4 Nf6 2. c4 e6 3. g3 d5 4. Bg2 Bb4+ 5. Bd2 Be7 6. Nf3 O-O 7. O-O c6 8. Qc2
b6 9. Bf4 Bb7 10. Rd1 Nbd7 11. Ne5 Nh5 12. Nc3 Nxe5 13. dxe5 Nxf4 14. gxf4 Bc5
15. Ne4 Qh4 16. Nxc5 bxc5 17. e3 f6 18. cxd5 cxd5 19. Qxc5 fxe5 20. Qc7 exf4
21. Qxb7 f3 22. Bf1 Rae8 23. Rac1 Rb8 24. Qc7 Rxb2 25. Qg3 Qxg3+ 26. hxg3 Rxa2
27. Ra1 Rxa1 28. Rxa1 Rf7 29. Bh3 Re7 30. Bg4 Kf7 31. Bxf3 Kf6 32. Ra6 Kg5 33.
Be2 g6 34. f4+ Kf6 35. Bf3 Rd7 36. Bg4 Re7 37. Kf2 h5 38. Bh3 Kf7 39. Ke2 e5
40. Rd6 h4 41. Rxd5 hxg3 42. fxe5 Kg7 43. Kf3 Kh6 44. Kxg3 Kg5 45. Bg4 Rb7 46.
e6+ Kf6 47. Rd7 Rb4 48. Rf7+ Kg5 1-0

[Event "2BLS 2122 SV 1947 Walldorf - SC Böblin"]
[Site "?"]
[Date "2022.06.18"]
[Round "7.2"]
[White "Gschnitzer, Adrian"]
[Black "Kuklin, Valentin"]
[Result "1-0"]
[WhiteElo "2439"]
[BlackElo "2382"]
[PlyCount "76"]
[EventDate "2022.??.??"]

1. e4 e6 2. d4 d5 3. Nc3 dxe4 4. Nxe4 Nd7 5. Nf3 Ngf6 6. Bg5 h6 7. Nxf6+ Nxf6
8. Be3 Nd5 9. Bd2 c5 10. Bb5+ Bd7 11. Bxd7+ Qxd7 12. Ne5 Qc7 13. c4 cxd4 14.
Qa4+ Ke7 15. f4 Nb6 16. Qa3+ Ke8 17. Qd3 Bd6 18. O-O Bxe5 19. fxe5 Rd8 20. b3
Qxe5 21. Rae1 Qc5 22. a4 Qc6 23. Bb4 Nc8 24. Qg3 Rg8 25. Qf4 Rd7 26. Re5 b6 27.
c5 f6 28. cxb6 Nxb6 29. Rc5 Qb7 30. Qg4 Kf7 31. Qh5+ g6 32. Qxh6 Nd5 33. Rb5
Qc6 34. Rb8 e5 35. Qh7+ Rg7 36. Rf8+ Ke6 37. Qh3+ f5 38. R8xf5 gxf5 1-0

[Event "2BLS 2122 SV 1947 Walldorf - SC Böblin"]
[Site "?"]
[Date "2022.06.18"]
[Round "7.3"]
[White "Ortmann, David"]
[Black "Muckle, Julius"]
[Result "0-1"]
[WhiteElo "2328"]
[BlackElo "2380"]
[PlyCount "54"]
[EventDate "2022.??.??"]

1. d4 d5 2. c4 c6 3. cxd5 cxd5 4. Nc3 Nf6 5. Bf4 Nc6 6. e3 Bf5 7. Qb3 Qb6 8.
Qxb6 axb6 9. Nf3 e6 10. Bb5 Bb4 11. Ne5 Rc8 12. O-O Bxc3 13. bxc3 Ke7 14. c4
Nxe5 15. dxe5 Ne4 16. cxd5 exd5 17. Bd3 Bg6 18. Rfd1 Nc3 19. Rd2 Bxd3 20. Rxd3
Ke6 21. Kf1 Rc4 22. Ke1 Ra8 23. a3 b5 24. Kd2 b4 25. f3 Rxa3 26. Rxa3 Nb1+ 27.
Kd1 bxa3 0-1

[Event "2BLS 2122 SV 1947 Walldorf - SC Böblin"]
[Site "?"]
[Date "2022.06.18"]
[Round "7.4"]
[White "Faerber, David"]
[Black "Hirneise, Jens"]
[Result "1/2-1/2"]
[WhiteElo "2353"]
[BlackElo "2327"]
[PlyCount "90"]
[EventDate "2022.??.??"]

1. e4 c5 2. Nf3 Nc6 3. d4 cxd4 4. Nxd4 Nf6 5. Nc3 d6 6. Bg5 e6 7. Qd2 a6 8.
O-O-O Bd7 9. Kb1 h6 10. Be3 b5 11. f3 Be7 12. g4 Rc8 13. Bd3 Nxd4 14. Bxd4 e5
15. Be3 Be6 16. h4 Qa5 17. a3 h5 18. g5 Nd7 19. Nd5 Qxd2 20. Rxd2 Bd8 21. Be2
Bxd5 22. Rxd5 Rc6 23. Rhd1 Ke7 24. f4 Bb6 25. Bc1 Bf2 26. Rh1 Bg3 27. f5 Bf2
28. Rh2 Ba7 29. Bf3 Nb6 30. Rd3 Na4 31. Re2 a5 32. Rd5 Rc5 33. Red2 Rxd5 34.
Rxd5 Bc5 35. Be2 Rb8 36. Bd2 b4 37. axb4 Bxb4 38. Bc1 Be1 39. Ka2 Nc5 40. Bxh5
Bxh4 41. c3 a4 42. Bf3 Bf2 43. Rd1 Nb3 44. f6+ gxf6 45. gxf6+ Kxf6 1/2-1/2

[Event "2BLS 2122 SV 1947 Walldorf - SC Böblin"]
[Site "?"]
[Date "2022.06.18"]
[Round "7.5"]
[White "Seitz, Patrick"]
[Black "Gschnitzer, Oswald"]
[Result "1/2-1/2"]
[WhiteElo "2171"]
[BlackElo "2354"]
[PlyCount "88"]
[EventDate "2022.??.??"]

1. e4 e5 2. Nf3 Nc6 3. Bb5 a6 4. Ba4 Nf6 5. O-O Bc5 6. Re1 b5 7. Bb3 d6 8. c3
Bb7 9. d3 h6 10. Nbd2 O-O 11. Nf1 Re8 12. Be3 Bxe3 13. Nxe3 Ne7 14. Qd2 c5 15.
c4 b4 16. h3 Nh5 17. Bd1 Nf4 18. Kh2 Qd7 19. Ng1 Rf8 20. g3 Ne6 21. Bg4 Qc7 22.
Nf3 Kh7 23. h4 Nc6 24. Bf5+ Kh8 25. h5 Ncd4 26. Nh4 Qd8 27. Qd1 Qg5 28. Qg4 Kg8
29. Rf1 Qxg4 30. Bxg4 a5 31. f4 f6 32. Rf2 a4 33. Bxe6+ Nxe6 34. Nef5 Rfd8 35.
Rg1 a3 36. b3 Kh7 37. Ng2 Bc6 38. g4 exf4 39. Nxf4 Ng5 40. Re1 Rd7 41. Kg3 Re8
42. Rfe2 Kg8 43. Re3 Kf7 44. R3e2 Bb7 1/2-1/2